000 00772nam a22002777a 4500
001 BR7500965
003 BR-BrBNA
005 20241010111252.0
008 230509b bl.||||| |||| 00| 0 por d
040 _aBR-BrBNA
_bpor
041 _a(Por)
072 _aC00
_b/G514
090 _aC00
_bBR7500965
110 1 _aAssociação de Credito e Assistência Rural do Estado do Pará
_9493
245 1 _aInforme:
_bsituação geral da ACAR-PARÁ até dezembro 1975 /
260 3 _aBelem, PA (Brasil):
_c1975.
300 _a33 p.
500 _aNumerical data
650 _aEMPRESA AGRICOLA
650 _aASSISTENCIA TECNICA
650 _aCREDITO RURAL
650 _aPARA
909 _a10/2024
_bSARAH
942 _cBK
999 _c20783
_d20783